000 00715nam a2200241Ia 4500
003 OSt
005 20220925171253.0
006 a|||||r|||| 00| 0
007 ta
008 220923b |||||||| |||| 00| 0 eng d
037 _cGeneral Book
040 _aRTL
_cRTL
_beng
041 _2eng
_aeng
082 _aD6,9(B), L2
100 _aLoeckx J
_9238983
245 0 _aComputability and decidability
_b An introduction fo
260 _aBerlin
_bSpringer-Verlag
_c1972
300 _avi, 76p. Appendix P 71-76
_ccm.
490 _aLecture notes in economics and mathematical systems
650 _aComputer Science
942 _hD6,9(B), L2
_cGB
_2CC
999 _c482135
_d482135